000 00550nam a2200181 a 4500
008 120416s1963 ||||||||||||||||| || u
050 _aJC 311 Nat
100 _aCarr, E. H
245 1 0 _aNationalism
246 _aa report
250 _arev. ed.
260 _aLondon
_bFrank Cass
_c1963
300 _axx, 360p.
350 _a0.00
650 _aPOLITICS
650 _aNATIONALISM--REPORTS
995 _D0.00
_FCBU-MAIN LIBRARY (Kitwe)
_H1
_I0.00
_M1
_UAVAILABLE
_ZAnnex Low-Usage Collection
999 _c51967
_d51967